Készlet- és raktárgazdálkodás gyakorlata a BTL Magyarország Kft. vonatkozásában
| Szerző: | |
|---|---|
| További közreműködők: | |
| Dokumentumtípus: | Projektmunka |
| Kulcsszavak: | anyaggazdálkodás készlet készletértékelés készletgazdálkodás logisztika |
| Online Access: | http://dolgozattar.uni-bge.hu/59869 |
MARC
| LEADER | 00000nnm a2200000 i 4500 | ||
|---|---|---|---|
| 001 | dolg59869 | ||
| 005 | 20260409145657.0 | ||
| 008 | 260409suuuu hu o 000 hun d | ||
| 040 | |a BGE Dolgozattár Repozitórium |b hun | ||
| 041 | |a hu | ||
| 100 | 1 | |a Kecskés Katalin | |
| 245 | 1 | 0 | |a Készlet- és raktárgazdálkodás gyakorlata a BTL Magyarország Kft. vonatkozásában |c Kecskés Katalin |h [elektronikus dokumentum] |
| 516 | |a Project_work | ||
| 520 | 3 | |a Készlet- és raktárgazdálkodás gyakorlata a BTL Magyarország Kft. vonatkozásábanA projektmunkám témája a készlet- és raktárgazdálkodás gyakorlata egy kisebb cég logisztikai működésén keresztül. A dolgozat célja, hogy bemutassa a vállalkozások számára fontos raktározási és készletkezelési folyamatokat, valamint az ezek hatékonyságának növelésére tett erőfeszítéseket. A dolgozat egy konkrét cég példáján keresztül elemzi a készletgazdálkodás alapelveit, a raktárkezelési stratégiákat, az anyag- és áruforgalmat, valamint az ezzel kapcsolatos kihívásokat és megoldásokat. A dolgozat célja, hogy átfogó képet adjon a kis cégek logisztikai tevékenységének optimalizálásáról és az ehhez szükséges eszközökről.A dolgozatom célja a cég készlet- és raktárgazdálkodási folyamatainak elemzése, különös figyelmet fordítva a hatékonyság növelésére. A célom, hogy azonosítsam a gyors forgási sebesség mellett a minimális tőkebefektetéssel elérhető optimalizálási lehetőségeket. A dolgozatban a legjobb gyakorlatokat ismertetem, amelyek segítik a vállalatot a költségek csökkentésében és a termékportfólió hatékony kezelésében. | |
| 695 | |a anyaggazdálkodás | ||
| 695 | |a készlet | ||
| 695 | |a készletértékelés | ||
| 695 | |a készletgazdálkodás | ||
| 695 | |a logisztika | ||
| 700 | 1 | |a Domboróczky Dr. Zoltán |e ths | |
| 856 | 4 | 0 | |u http://dolgozattar.uni-bge.hu/59869/1/Projektmunka_Kecsk%C3%A9s_Katalin_BGE_2025.pdf |z Dokumentum-elérés |
| 856 | 4 | 0 | |u http://dolgozattar.uni-bge.hu/59869/2/Kecsk%C3%A9s_Katalin_KM%20FOSZK%20b%C3%ADr%C3%A1lati%20lap.pdf |z Dokumentum-elérés |